Catálogo
 En Linea

El Recorrido poético de Domingo Moreno Jimenes / (Registro nro. 6815)

Detalles MARC
000 -CABECERA
campo de control de longitud fija 00754nam a2200217 u 4500
001 - NÚMERO DE CONTROL
campo de control 000007031
005 - FECHA Y HORA DE LA ÚLTIMA TRANSACCIÓN
campo de control 20250221192641.0
008 - DATOS DE LONGITUD FIJA--INFORMACIÓN GENERAL
campo de control de longitud fija 100809s2001 gw b r 001 0 spa d
040 ## - FUENTE DE LA CATALOGACIÓN
Centro catalogador/agencia de origen DO-SdBNP
Lengua de catalogación spa
Centro/agencia transcriptor BNPHU
082 ## - NÚMERO DE LA CLASIFICACIÓN DECIMAL DEWEY
Número de clasificación 928.97293
Número de documento/Ítem M843M
100 1# - ENTRADA PRINCIPAL--NOMBRE DE PERSONA
Nombre de persona Moreno García, Bárbara,
Fechas asociadas al nombre 1964-
9 (RLIN) 19533
245 10 - MENCIÓN DE TÍTULO
Título El Recorrido poético de Domingo Moreno Jimenes /
Mención de responsabilidad, etc. Bárbara Moreno García.
260 ## - PUBLICACIÓN, DISTRIBUCIÓN, ETC.
Lugar de publicación, distribución, etc. Alemania :
Nombre del editor, distribuidor, etc. Datadruck,
Fecha de publicación, distribución, etc. 2001.
300 ## - DESCRIPCIÓN FÍSICA
Extensión 402 p. :
Otras características físicas map. ;
Dimensiones 22 cm.
500 ## - NOTA GENERAL
Nota general Incluye datos biográficos del autor
500 ## - NOTA GENERAL
Nota general Incluye notas al pie de las páginas
504 ## - NOTA DE BIBLIOGRAFÍA, ETC.
Nota de bibliografía, etc. Bibliografía: p. 396-401
600 14 - PUNTO DE ACCESO ADICIONAL DE MATERIA--NOMBRE DE PERSONA
Nombre de persona MORENO JIMENES, DOMINGO,
Fechas asociadas al nombre 1894 - 1986
9 (RLIN) 19534
650 #4 - PUNTO DE ACCESO ADICIONAL DE MATERIA--TÉRMINO DE MATERIA
Término de materia o nombre geográfico como elemento de entrada Movimiento literario
9 (RLIN) 19535
650 #0 - PUNTO DE ACCESO ADICIONAL DE MATERIA--TÉRMINO DE MATERIA
Término de materia o nombre geográfico como elemento de entrada Poesía dominicana
9 (RLIN) 66
Existencias
Estado de retiro Estado de pérdida Restricciones de uso No para préstamo Código de colección Localización permanente Ubicación/localización actual Ubicación en estantería Fecha de adquisición Número de inventario Total de préstamos Signatura topográfica completa Código de barras Fecha visto por última vez Precio válido a partir de Tipo de ítem Koha
        Monografías: Libros y Folletos General General En catalogación 20.10.2010 LF1   928.97293 M843M 7031-10 25.06.2020 25.06.2020 Préstamo en sala

Con tecnología Koha